La Electrificación de las fábricas y talleres : consecuencias que se derivan para su disposición y funcionamiento / por Juan Rafecas y José Serrat consecuencias que se derivan para su disposición y funcionamiento / por Juan Rafecas y José Serrat
Descripción Física:
122 p., [1] f. plegat : gràfics; 26 cm
Otros Autores:
Serrat y Bonastre, José
MARC
| LEADER | 00000nam a2200000Ia 4500 | ||
|---|---|---|---|
| 001 | 18623 | ||
| 008 | 160829s1915 xx 000 0 cat d | ||
| 080 | |a C-2-158 | ||
| 100 | |a Rafecas, Juan |9 47338 | ||
| 245 | |a La Electrificación de las fábricas y talleres : |b consecuencias que se derivan para su disposición y funcionamiento / por Juan Rafecas y José Serrat | ||
| 260 | |a Madrid : |b Sucesores de Rivadeneyra, |c 1915 | ||
| 300 | |a 122 p., [1] f. plegat : |b gràfics; |c 26 cm | ||
| 590 | |a Bibliografia. | ||
| 590 | |a Va obtenir el premi de la Secció d'Industrials del concurs de 1914. | ||
| 590 | |a Prové de 3269, exp. 4 | ||
| 650 | |a Electrificació |9 47339 | ||
| 650 | |a Fàbriques |9 47340 | ||
| 650 | |a Tallers |9 47341 | ||
| 700 | |a Serrat y Bonastre, José |9 38390 | ||
| 901 | |a Arxiu | ||
| 942 | |n 1 | ||
| 952 | |0 0 |1 0 |4 0 |6 C2158 |7 1 |9 53822 |a Arxiu |b Arxiu |d 2016-12-01 |l 0 |o C-2-158 |p 18623 |r 2016-12-01 00:00:00 |w 2016-12-01 |y ARXIU | ||
| 999 | |c 57688 |d 57688 | ||